Logical construction of programs (Record no. 12585)

MARC details
000 -LEADER
fixed length control field 00229nam a22001097a 4500
082 ## - DEWEY DECIMAL CLASSIFICATION NUMBER
Classification number 001.642WAR
100 ## - MAIN ENTRY--AUTHOR NAME
Personal name Warnier
245 ## - TITLE STATEMENT
Title Logical construction of programs
260 ## - PUBLICATION, DISTRIBUTION, ETC. (IMPRINT)
Place of publication H E
Name of publisher Stenfer
Year of publication 1974
300 ## - PHYSICAL DESCRIPTION
Number of Pages 221
942 ## - ADDED ENTRY ELEMENTS (KOHA)
Koha item type Books
Holdings
Withdrawn status Lost status Home library Current library Date acquired Cost, normal purchase price Full call number Accession Number Koha item type
    Seminar Library, Mathematics & Statis. Seminar Library, Mathematics & Statis. 11/03/2015 338.00 001.642WAR 8038 Books